[Event "SLO-chT U16"]
[Site "Murska Sobota"]
[Date "2018.05.12"]
[Round "2"]
[White "Vaupot, Kajetan"]
[Black "Veber, Kolja Tito"]
[Result "0-1"]
[WhiteElo "1591"]
[BlackElo "1861"]
[PlyCount "74"]
[EventDate "2018.05.11"]
[EventType "team-swiss"]
[EventRounds "5"]
[EventCountry "SLO"]
[SourceTitle "EXT 2020"]
[Source "ChessBase"]
[SourceDate "2019.10.17"]
[SourceVersion "1"]
[SourceVersionDate "2019.10.17"]
[SourceQuality "1"]

1. e4 c5 2. Nf3 d6 3. Bb5+ Nd7 4. d3 a6 5. Ba4 Ngf6 6. Nc3 b5 7. Bb3 Bb7 8. a3 e6 9. Bg5 Be7 10. 0-0 0-0 11. d4 c4 12. Ba2 Nxe4 13. Bxe7 Qxe7 14. a4 Nxc3 15. bxc3 d5 16. axb5 axb5 17. Re1 Nb6 18. Qc1 Qa3 19. Qb1 Bc6 20. Bxc4 Qxa1 21. Qxa1 Rxa1 22. Rxa1 Nxc4 23. Ra6 Ra8 24. Rxa8+ Bxa8 25. Kf1 Kf8 26. Ke2 Ke7 27. Ng5 h6 28. Nh3 g5 29. Kf3 f5 30. g4 Kf6 31. gxf5 Kxf5 32. Kg3 Na3 33. f4 Nxc2 34. fxg5 hxg5 35. Nxg5 Kxg5 36. h4+ Kg6 37. Kg4 Ne3+ 0-1